000 01699nam a2200289 i 4500
005 20250329165435.0
007 ta
008 190415s2020 000 0 eng d
040 _aCO-CtgCURN
_bspa
_ccoctgcurn
_erda
082 0 _aENF 2020
_bA185
100 1 _aAcosta Pérez, Lina Marcela,
_eauthor.
_4aut
245 1 0 _aDiseño de una estrategia de prevención de re-embarazos adolescentes y jóvenes en la comunidad zona norte de Cartagena (Manzanillo del mar) Colombia, 2020. /
_cLina Marcela Acosta Pérez; América Ávila Gómez; Siara Sofía Pérez Sierra; Asesora Sandra Lorena Vallejo Arias.
260 _aCartagena de Indias :
_bCorporación Universitaria Rafael Núñez,
_c2020.
300 _a144 hojas.
336 _atext
_btxt
_2rdacontent
337 _aunmediated
_bn
_2rdamedia
338 _avolume
_bnc
_2rdacarrier
504 _aTrabajo de grado (Enfermera). Corporación Universitaria Rafael Nuñez. Facultad de Ciencias de la Salud. Programa de Enfermería, 2020.
520 _a"La adolescencia segn la OMS es el período de la vida comprendido entre los 10 y 19 años. Se divide en tres etapas, con características diferentes, con formas distintas de enfrentar la sexualidad y un embarazo."
650 0 _aEnfermería
_vTesis y disertaciones academicas.
700 1 _aÁvila Gómez, América.
700 1 _aPérez Sierra, Siara Sofía.
700 1 _aVallejo Arias, Sandra Lorena,
_easesora.
856 _uhttps://unicurn.sharepoint.com/:b:/s/biblioteca/Efs0iA9OUUFGqr9z3v5tbL4BJ588Jlo28FPUWYPe7bs0XA?e=r4SJyE
_zClick aqui para ver el recurso en texto completo
942 _2ddc
_cTG
_hTSO 2020
_iA185
999 _c4042
_d4042